[Event "I Festival Cidade Maravilhosa"]
[Site "Rio de Janeiro BRA"]
[Date "2009.02.09"]
[Round "1.1"]
[White "Chauca, Jose"]
[Black "Guimaraes, Wagner Peixoto"]
[Result "0-1"]
[WhiteElo "2173"]
[BlackElo "2253"]
[PlyCount "83"]
[EventDate "2009.02.09"]
[EventType "tourn"]
[EventRounds "9"]
[EventCountry "BRA"]
[EventCategory "2"]
[Source "lmi"]
[SourceDate "2009.02.09"]

1. e4 c6 2. d4 d5 3. Nc3 dxe4 4. Nxe4 Bf5 5. Ng3 Bg6 6. h4 h6 7. Nf3 Nd7 8. Bd3
Bxd3 9. Qxd3 e6 10. Bf4 Qa5+ 11. c3 Ngf6 12. Ne4 Qd5 13. Nxf6+ Nxf6 14. O-O Be7
15. Rfe1 O-O 16. Re5 Qd8 17. Re2 c5 18. Rd1 cxd4 19. Qb1 Nd5 20. Rxd4 Bc5 21.
Rd1 Nxf4 22. Rxd8 Nxe2+ 23. Kf1 Ng3+ 24. fxg3 Raxd8 25. Ke2 Rd7 26. g4 Rfd8 27.
h5 Be7 28. Qc2 Bf6 29. Qe4 Rd1 30. a3 b5 31. Qe3 a5 32. Qb6 a4 33. Qa5 Be7 34.
Qc7 Bg5 35. Qb7 R1d3 36. Qe4 Re3+ 37. Qxe3 Bxe3 38. Kxe3 Rd1 39. Ne5 Rb1 40. c4
bxc4 41. Nxc4 Rg1 42. Kd3 0-1

[Event "I Festival Cidade Maravilhosa"]
[Site "Rio de Janeiro BRA"]
[Date "2009.02.09"]
[Round "1.2"]
[White "Santos Filho, Tadeu Sousa"]
[Black "Fernando, Diogo"]
[Result "1/2-1/2"]
[WhiteElo "2092"]
[BlackElo "2448"]
[PlyCount "92"]
[EventDate "2009.02.09"]
[EventType "tourn"]
[EventRounds "9"]
[EventCountry "BRA"]
[EventCategory "2"]
[Source "lmi"]
[SourceDate "2009.02.09"]

1. e4 c5 2. Nf3 Nc6 3. b3 d6 4. Bb2 e5 5. Bb5 Nf6 6. Qe2 Be7 7. O-O O-O 8. c3
Qb6 9. Na3 a6 10. Bc4 Qc7 11. d4 b5 12. dxe5 Nxe5 13. Nxe5 dxe5 14. Bd3 Bb7 15.
c4 b4 16. Nc2 a5 17. f3 a4 18. Ne3 a3 19. Bc1 Nh5 20. Nd5 Qd6 21. g3 Nf6 22. f4
Nxd5 23. exd5 exf4 24. Bxf4 Qd7 25. Qc2 g6 26. Bh6 Rfe8 27. Qf2 Bd6 28. Rae1 f5
29. Kg2 Rxe1 30. Rxe1 Re8 31. Be3 Bc8 32. Re2 Qc7 33. Qe1 Bd7 34. Qf2 h5 35. h4
Kf7 36. Bf4 Rxe2 37. Bxe2 Bc8 38. Qe3 Qd8 39. Bg5 Qh8 40. Bf4 Qf6 41. Kf2 Bd7
42. Bg5 Qb2 43. Qd2 f4 44. Bxf4 Qxd2 45. Bxd2 Bf5 46. Bd1 Bb1 1/2-1/2

[Event "I Festival Cidade Maravilhosa"]
[Site "Rio de Janeiro BRA"]
[Date "2009.02.09"]
[Round "1.3"]
[White "Brito, Luismar"]
[Black "Galego, Luis"]
[Result "1/2-1/2"]
[WhiteElo "2327"]
[BlackElo "2494"]
[PlyCount "37"]
[EventDate "2009.02.09"]
[EventType "tourn"]
[EventRounds "9"]
[EventCountry "BRA"]
[EventCategory "2"]
[Source "lmi"]
[SourceDate "2009.02.09"]

1. e4 c5 2. Nf3 e6 3. Nc3 a6 4. d4 cxd4 5. Nxd4 Qc7 6. Bd3 Nf6 7. O-O Bc5 8.
Nf3 d6 9. Qe2 Nbd7 10. Bf4 e5 11. Bd2 b5 12. b4 Bxb4 13. Nxb5 axb5 14. Bxb4 Bb7
15. Rfd1 O-O 16. Nd2 Nc5 17. Bxb5 Ncxe4 18. Nxe4 Nxe4 19. c4 1/2-1/2

[Event "I Festival Cidade Maravilhosa"]
[Site "Rio de Janeiro BRA"]
[Date "2009.02.09"]
[Round "1.4"]
[White "Maia, Marco Aurelio F"]
[Black "Mascarenhas, Alberto Pinheiro"]
[Result "1/2-1/2"]
[WhiteElo "2135"]
[BlackElo "2228"]
[PlyCount "112"]
[EventDate "2009.02.09"]
[EventType "tourn"]
[EventRounds "9"]
[EventCountry "BRA"]
[EventCategory "2"]
[Source "lmi"]
[SourceDate "2009.02.09"]

1. d4 d5 2. c4 c6 3. Nf3 Nf6 4. Qc2 e6 5. Bf4 Be7 6. cxd5 exd5 7. Nc3 O-O 8. e3
Re8 9. Bd3 Nbd7 10. h3 Nf8 11. O-O Ng6 12. Bg5 Ne4 13. Bxe7 Qxe7 14. Rab1 f5
15. Ne2 a5 16. a3 a4 17. Nc3 b5 18. Na2 Bd7 19. Rbc1 Rac8 20. Nb4 Rf8 21. Na6
Rf6 22. Nc5 Rcf8 23. Ne5 Nxe5 24. dxe5 Rg6 25. f4 Be8 26. Bxe4 fxe4 27. g4 Qh4
28. Kh2 Rxg4 29. Rg1 Rg6 30. Rxg6 Bxg6 31. Rg1 Bf5 32. Rg3 Qe7 33. Na6 Rc8 34.
Qc5 Qxc5 35. Nxc5 Rc7 36. Rg2 Kf7 37. Rd2 Ra7 38. Kg3 g6 39. Rd4 Ke7 40. Kh4 h6
41. Rd1 Kd8 42. Rc1 Kc7 43. Kg3 Ra8 44. h4 h5 45. Kf2 Kb6 46. Ke2 Re8 47. Kd2
Re7 48. Rc3 Ka5 49. b4+ axb3 50. Nxb3+ Kb6 51. Nc5 Bc8 52. Kc2 Ra7 53. Kb3 Ka5
54. Rc1 Bg4 55. Rg1 Bf5 56. Rc1 Bg4 1/2-1/2

[Event "I Festival Cidade Maravilhosa"]
[Site "Rio de Janeiro BRA"]
[Date "2009.02.09"]
[Round "1.5"]
[White "Perdomo, Leandro"]
[Black "Rego, Vinicius Vilela de "]
[Result "1-0"]
[WhiteElo "2387"]
[BlackElo "2227"]
[PlyCount "73"]
[EventDate "2009.02.09"]
[EventType "tourn"]
[EventRounds "9"]
[EventCountry "BRA"]
[EventCategory "2"]
[Source "lmi"]
[SourceDate "2009.02.09"]

1. d4 g6 2. c4 Bg7 3. e4 d6 4. Nc3 Nf6 5. f3 O-O 6. Be3 e5 7. Nge2 Nc6 8. Qd2
a6 9. d5 Ne7 10. g4 Ne8 11. h4 f5 12. g5 Rf7 13. O-O-O b5 14. Kb1 Bd7 15. a3
Qb8 16. Nc1 Nc8 17. h5 f4 18. hxg6 hxg6 19. Bg1 bxc4 20. Bxc4 Nb6 21. Bb3 Rf8
22. Nd3 Bb5 23. Nxb5 axb5 24. Nb4 Kf7 25. Nc6 Qb7 26. Qb4 Nd7 27. a4 Rh8 28.
Bf2 Rxh1 29. Rxh1 Bf8 30. Bc4 Ng7 31. Qxb5 Qxb5 32. Bxb5 Nh5 33. a5 Be7 34. Rg1
Nf8 35. a6 Nd7 36. a7 Nb6 37. Ba6 1-0

[Event "I Festival Cidade Maravilhosa"]
[Site "Rio de Janeiro BRA"]
[Date "2009.02.10"]
[Round "2.2"]
[White "Mascarenhas, Alberto Pinheiro"]
[Black "Perdomo, Leandro"]
[Result "0-1"]
[WhiteElo "2228"]
[BlackElo "2387"]
[PlyCount "78"]
[EventDate "2009.02.09"]
[EventType "tourn"]
[EventRounds "9"]
[EventCountry "BRA"]
[EventCategory "2"]
[Source "lmi"]
[SourceDate "2009.02.09"]

1. e4 e5 2. Nf3 Nc6 3. Bb5 a6 4. Ba4 Nf6 5. O-O b5 6. Bb3 Be7 7. Re1 O-O 8. d4
d6 9. c3 Bg4 10. d5 Na5 11. Bc2 c6 12. dxc6 Qc7 13. Nbd2 Qxc6 14. h3 Be6 15.
Nf1 Nc4 16. Ne3 Nxe3 17. Rxe3 Nd7 18. Bb3 Nc5 19. Bd5 Bxd5 20. exd5 Qb7 21. Re2
f5 22. Bg5 Rae8 23. Bxe7 Rxe7 24. Ne1 a5 25. Rc1 e4 26. b4 Nd7 27. bxa5 Nc5 28.
c4 bxc4 29. Rxc4 f4 30. Qd4 f3 31. Rb2 Qa6 32. Qc3 fxg2 33. Kxg2 Re5 34. Rb6
Rg5+ 35. Kf1 e3 36. f3 Qc8 37. Rh4 e2+ 38. Kf2 Ne4+ 39. Rxe4 Qxc3 0-1

[Event "I Festival Cidade Maravilhosa"]
[Site "Rio de Janeiro BRA"]
[Date "2009.02.10"]
[Round "2.3"]
[White "Galego, Luis"]
[Black "Maia, Marco Aurelio F"]
[Result "1/2-1/2"]
[WhiteElo "2494"]
[BlackElo "2135"]
[PlyCount "42"]
[EventDate "2009.02.09"]
[EventType "tourn"]
[EventRounds "9"]
[EventCountry "BRA"]
[EventCategory "2"]
[Source "lmi"]
[SourceDate "2009.02.09"]

1. e4 c6 2. d4 d5 3. e5 Bf5 4. Be3 e6 5. c4 dxc4 6. Bxc4 Ne7 7. Nc3 Nd7 8. Nf3
h6 9. Nh4 Bh7 10. O-O Nd5 11. g3 Be7 12. Ng2 Bf5 13. Nxd5 cxd5 14. Bd3 Bxd3 15.
Qxd3 O-O 16. f4 f5 17. exf6 Nxf6 18. f5 Qd7 19. fxe6 Qxe6 20. Bxh6 Qh3 21. Rxf6
Bxf6 1/2-1/2

[Event "I Festival Cidade Maravilhosa"]
[Site "Rio de Janeiro BRA"]
[Date "2009.02.10"]
[Round "2.4"]
[White "Fernando, Diogo"]
[Black "Brito, Luismar"]
[Result "1-0"]
[WhiteElo "2448"]
[BlackElo "2327"]
[PlyCount "103"]
[EventDate "2009.02.09"]
[EventType "tourn"]
[EventRounds "9"]
[EventCountry "BRA"]
[EventCategory "2"]
[Source "lmi"]
[SourceDate "2009.02.09"]

1. c4 e5 2. Nc3 Nc6 3. g3 g6 4. Bg2 Bg7 5. d3 d6 6. Rb1 Nge7 7. b4 O-O 8. e3 f5
9. Nge2 a6 10. O-O g5 11. f4 gxf4 12. exf4 Ng6 13. Nd5 Nce7 14. d4 e4 15. Nxe7+
Qxe7 16. d5 Bd7 17. Be3 b6 18. a4 a5 19. b5 Rf7 20. Nd4 Kh8 21. Qh5 Nf8 22. g4
Ng6 23. gxf5 Qh4 24. Qg5 Bh6 25. Qg3 Bxf5 26. Nxf5 Rxf5 27. Bxe4 Rg8 28. Qxh4
Nxh4+ 29. Kh1 Rf7 30. Rbe1 Rgf8 31. Rf2 Bg7 32. Bd3 Re8 33. Bd2 Rxe1+ 34. Bxe1
Re7 35. Bd2 Bf6 36. Rf1 Rg7 37. Be4 Re7 38. Re1 Bd4 39. Bd3 Rxe1+ 40. Bxe1 Bf6
41. Bf1 Kg7 42. Bh3 Ng6 43. Kg1 Nf8 44. Kg2 Ng6 45. Kf3 Nh4+ 46. Ke4 h6 47. Bd7
Kf7 48. Bg4 Kg6 49. Bg3 Kg7 50. f5 Bg5 51. c5 bxc5 52. Be1 1-0

[Event "I Festival Cidade Maravilhosa"]
[Site "Rio de Janeiro BRA"]
[Date "2009.02.10"]
[Round "2.5"]
[White "Chauca, Jose"]
[Black "Santos Filho, Tadeu Sousa"]
[Result "1/2-1/2"]
[WhiteElo "2173"]
[BlackElo "2092"]
[PlyCount "36"]
[EventDate "2009.02.09"]
[EventType "tourn"]
[EventRounds "9"]
[EventCountry "BRA"]
[EventCategory "2"]
[Source "lmi"]
[SourceDate "2009.02.09"]

1. e4 c5 2. Nf3 Nc6 3. Bb5 Nf6 4. e5 Nd5 5. O-O Nc7 6. Bd3 d5 7. exd6 Qxd6 8.
h3 g6 9. Nc3 Bg7 10. b3 O-O 11. Bb2 b6 12. Re1 Qd7 13. Bf1 Bb7 14. d3 Nd4 15.
Ne5 Qf5 16. Ng4 Qd7 17. Ne5 Qf5 18. Ng4 Qd7 1/2-1/2

[Event "I Festival Cidade Maravilhosa"]
[Site "Rio de Janeiro BRA"]
[Date "2009.02.11"]
[Round "3.1"]
[White "Santos Filho, Tadeu Sousa"]
[Black "Guimaraes, Wagner Peixoto"]
[Result "0-1"]
[WhiteElo "2092"]
[BlackElo "2253"]
[PlyCount "48"]
[EventDate "2009.02.09"]
[EventType "tourn"]
[EventRounds "9"]
[EventCountry "BRA"]
[EventCategory "2"]
[Source "lmi"]
[SourceDate "2009.02.09"]

1. e4 c6 2. d4 d5 3. e5 Bf5 4. Nf3 e6 5. Be2 Ne7 6. O-O h6 7. b3 Ng6 8. c4 Nd7
9. Ne1 dxc4 10. bxc4 c5 11. g4 Bxb1 12. Rxb1 cxd4 13. f4 Qc7 14. Nd3 Be7 15.
Bf3 Rb8 16. Be4 O-O 17. Bb2 Nb6 18. Bxd4 Rbd8 19. Ba1 Nxc4 20. Rxb7 Qa5 21. Qe1
Nd2 22. Rf2 Rxd3 23. Rxe7 Nf3+ 24. Bxf3 Qxe1+ 0-1

[Event "I Festival Cidade Maravilhosa"]
[Site "Rio de Janeiro BRA"]
[Date "2009.02.11"]
[Round "3.2"]
[White "Brito, Luismar"]
[Black "Chauca, Jose"]
[Result "1-0"]
[WhiteElo "2327"]
[BlackElo "2173"]
[PlyCount "77"]
[EventDate "2009.02.09"]
[EventType "tourn"]
[EventRounds "9"]
[EventCountry "BRA"]
[EventCategory "2"]
[Source "lmi"]
[SourceDate "2009.02.09"]

1. e4 c5 2. Nf3 e6 3. Nc3 a6 4. d4 cxd4 5. Nxd4 Qc7 6. Bd3 Nf6 7. O-O d6 8. Be3
Be7 9. Kh1 Nbd7 10. f4 b6 11. Qf3 Bb7 12. Rae1 g6 13. Qh3 O-O-O 14. Bg1 h5 15.
Qe3 h4 16. Rf3 Rh5 17. Rh3 Rdh8 18. Be2 R5h7 19. b4 e5 20. Nb3 d5 21. fxe5 Nxe4
22. Nxe4 dxe4 23. e6 fxe6 24. a3 g5 25. Nd4 Rh6 26. Qb3 Qd6 27. Rd1 Kb8 28. Bg4
Bd5 29. c4 Ne5 30. cxd5 Nxg4 31. Nc6+ Kb7 32. Nxe7 Qxe7 33. d6 Qd7 34. Rc3 Qb5
35. Qc2 Qf5 36. Rc7+ Kb8 37. Rb7+ Kxb7 38. Qc7+ Ka8 39. Qc6+ 1-0

[Event "I Festival Cidade Maravilhosa"]
[Site "Rio de Janeiro BRA"]
[Date "2009.02.11"]
[Round "3.3"]
[White "Maia, Marco Aurelio F"]
[Black "Fernando, Diogo"]
[Result "0-1"]
[WhiteElo "2135"]
[BlackElo "2448"]
[PlyCount "98"]
[EventDate "2009.02.09"]
[EventType "tourn"]
[EventRounds "9"]
[EventCountry "BRA"]
[EventCategory "2"]
[Source "lmi"]
[SourceDate "2009.02.09"]

1. d4 Nf6 2. c4 d6 3. Nc3 Nbd7 4. e4 e5 5. d5 Be7 6. Nge2 Nc5 7. Ng3 a5 8. Be2
O-O 9. Be3 Ne8 10. Nf5 Bg5 11. h4 Bxe3 12. Nxe3 a4 13. g4 Kh8 14. Qc2 c6 15.
Nf5 cxd5 16. Nxd5 Qa5+ 17. Kf1 Be6 18. Rd1 Bxd5 19. exd5 Qd8 20. g5 Rc8 21. Qd2
Rc7 22. Qe3 f6 23. Qh3 g6 24. Ng3 fxg5 25. h5 g4 26. Bxg4 Qf6 27. Rh2 g5 28. h6
Qf4 29. Be2 Nf6 30. Qf5 Ng8 31. Qxf4 gxf4 32. Nh5 f3 33. Bd3 Nxh6 34. Nf4 Rxf4
35. Rxh6 Nxd3 36. Rxd3 Rcxc4 37. Ke1 Rc1+ 38. Kd2 Rf1 39. Rxd6 Rxf2+ 40. Kc3
Rg2 41. Rd8+ Kg7 42. d6 f2 43. d7 f1=Q 44. Rg8+ Kxg8 45. d8=Q+ Rf8 46. Qd5+ Kh8
47. b3 Qc1+ 48. Kb4 Rg4+ 49. Kb5 Qc6+ 0-1

[Event "I Festival Cidade Maravilhosa"]
[Site "Rio de Janeiro BRA"]
[Date "2009.02.11"]
[Round "3.5"]
[White "Rego, Vinicius Vilela de "]
[Black "Mascarenhas, Alberto Pinheiro"]
[Result "1-0"]
[WhiteElo "2227"]
[BlackElo "2228"]
[PlyCount "81"]
[EventDate "2009.02.09"]
[EventType "tourn"]
[EventRounds "9"]
[EventCountry "BRA"]
[EventCategory "2"]
[Source "lmi"]
[SourceDate "2009.02.09"]

1. d4 Nf6 2. c4 e6 3. Nc3 Bb4 4. Qc2 c5 5. dxc5 Qa5 6. Bd2 Na6 7. a3 Bxc5 8.
Rd1 Qb6 9. e3 Be7 10. Nf3 O-O 11. Be2 d5 12. cxd5 exd5 13. Nd4 Rd8 14. O-O Nc5
15. b4 Ne6 16. Na4 Qc7 17. Qxc7 Nxc7 18. Rc1 Ne6 19. Nxe6 Bxe6 20. f3 Rdc8 21.
Kf2 Rxc1 22. Rxc1 Rc8 23. Rxc8+ Bxc8 24. Bc3 Ne8 25. Bd4 b6 26. Nc3 Bb7 27. Bd1
Nd6 28. Bb3 Nc4 29. Bxc4 dxc4 30. e4 a5 31. bxa5 bxa5 32. a4 Bb4 33. Nb5 Bc6
34. Ke3 f6 35. Ba7 Bxb5 36. axb5 a4 37. Bd4 c3 38. Kd3 a3 39. Bxc3 a2 40. Ba1
Bd6 41. Kc2 1-0

[Event "I Festival Cidade Maravilhosa"]
[Site "Rio de Janeiro BRA"]
[Date "2009.02.12"]
[Round "4.1"]
[White "Guimaraes, Wagner Peixoto"]
[Black "Mascarenhas, Alberto Pinheiro"]
[Result "1-0"]
[WhiteElo "2253"]
[BlackElo "2228"]
[PlyCount "69"]
[EventDate "2009.02.09"]
[EventType "tourn"]
[EventRounds "9"]
[EventCountry "BRA"]
[EventCategory "2"]
[Source "lmi"]
[SourceDate "2009.02.09"]

1. e4 c5 2. Nf3 e6 3. d4 cxd4 4. Nxd4 Nf6 5. Nc3 d6 6. Be3 a6 7. g4 h6 8. f3
Be7 9. Qd2 Nc6 10. O-O-O Nxd4 11. Qxd4 Bd7 12. h4 b5 13. Bh3 e5 14. Qd2 b4 15.
Ne2 Be6 16. g5 Nd7 17. gxh6 gxh6 18. Bxe6 fxe6 19. Qxb4 Qc7 20. Qb3 Kf7 21. f4
Rab8 22. Qd3 Rhc8 23. f5 exf5 24. exf5 Nf6 25. Nc3 Qb7 26. b3 Rxc3 27. Qxc3 Rc8
28. Qd3 d5 29. Bxh6 Ne4 30. Rdg1 Rc3 31. Qe2 Ke8 32. Rg8+ Kd7 33. Rg7 d4 34.
Re1 d3 35. Qxe4 1-0

[Event "I Festival Cidade Maravilhosa"]
[Site "Rio de Janeiro BRA"]
[Date "2009.02.12"]
[Round "4.2"]
[White "Galego, Luis"]
[Black "Rego, Vinicius Vilela de "]
[Result "1/2-1/2"]
[WhiteElo "2494"]
[BlackElo "2227"]
[PlyCount "97"]
[EventDate "2009.02.09"]
[EventType "tourn"]
[EventRounds "9"]
[EventCountry "BRA"]
[EventCategory "2"]
[Source "lmi"]
[SourceDate "2009.02.09"]

1. c4 Nf6 2. Nc3 g6 3. g3 Bg7 4. Bg2 d6 5. d4 O-O 6. Nf3 Nc6 7. d5 Na5 8. Nd2
c5 9. O-O e5 10. a3 b6 11. b4 Nb7 12. Bb2 Ne8 13. e3 Bd7 14. Re1 f5 15. f4 h6
16. Nb3 a6 17. Qd2 Qc7 18. b5 axb5 19. Nxb5 Bxb5 20. cxb5 e4 21. g4 Na5 22.
Nxa5 Rxa5 23. gxf5 gxf5 24. a4 Kh8 25. Kh1 Bxb2 26. Qxb2+ Qg7 27. Qxg7+ Kxg7
28. Bh3 Nc7 29. Ra2 Kf6 30. Bf1 Rfa8 31. Rea1 Nxd5 32. Rd2 Nxe3 33. Rxd6+ Ke7
34. Rxb6 Rxa4 35. Re1 Ra1 36. Rxe3 Rxf1+ 37. Kg2 Rxf4 38. Rg3 Kf7 39. Rgg6 Ra2+
40. Kg1 Rg4+ 41. Rxg4 fxg4 42. Rxh6 e3 43. Kf1 c4 44. b6 c3 45. b7 c2 46. Rc6
Rb2 47. Rxc2 Rxb7 48. Ke2 Rb3 49. Rc4 1/2-1/2

[Event "I Festival Cidade Maravilhosa"]
[Site "Rio de Janeiro BRA"]
[Date "2009.02.12"]
[Round "4.3"]
[White "Fernando, Diogo"]
[Black "Perdomo, Leandro"]
[Result "1/2-1/2"]
[WhiteElo "2482"]
[BlackElo "2387"]
[PlyCount "103"]
[EventDate "2009.02.09"]
[EventType "tourn"]
[EventRounds "9"]
[EventCountry "BRA"]
[EventCategory "2"]
[Source "lmi"]
[SourceDate "2009.02.09"]

1. e4 e5 2. Nf3 Nc6 3. Bc4 Nf6 4. d3 Bc5 5. c3 d6 6. Bb3 a6 7. Qe2 h6 8. h3 Be6
9. Nbd2 Bxb3 10. axb3 O-O 11. b4 Ba7 12. g4 d5 13. Nf1 dxe4 14. dxe4 Qd7 15.
Ng3 Nh7 16. h4 Rfd8 17. g5 hxg5 18. hxg5 Qd3 19. Nf5 Qxe2+ 20. Kxe2 Rd7 21. Bd2
Nf8 22. Rh2 Ng6 23. Rah1 Rad8 24. Rh7 f6 25. gxf6 gxf6 26. R7h2 Kf7 27. Rh7+
Kg8 28. Rxd7 Rxd7 29. Rh6 Kf7 30. Rh7+ Ke8 31. Ng7+ Kd8 32. Ne6+ Kc8 33. Rh6
Nce7 34. Nh4 Rd6 35. Nxg6 Nxg6 36. Rxg6 Rxe6 37. Bg5 Kd7 38. Bh4 Ke7 39. Rg7+
Kd6 40. Rf7 Bb6 41. Bxf6 Re8 42. Bh4 Ke6 43. Rh7 Kd6 44. Bg3 Re6 45. Rh1 c5 46.
bxc5+ Bxc5 47. Kf3 a5 48. Kg4 b5 49. Kf5 b4 50. cxb4 axb4 51. b3 Bd4 52. Rh7
1/2-1/2

[Event "I Festival Cidade Maravilhosa"]
[Site "Rio de Janeiro BRA"]
[Date "2009.02.12"]
[Round "4.4"]
[White "Chauca, Jose"]
[Black "Maia, Marco Aurelio F"]
[Result "1/2-1/2"]
[WhiteElo "2173"]
[BlackElo "2135"]
[PlyCount "59"]
[EventDate "2009.02.09"]
[EventType "tourn"]
[EventRounds "9"]
[EventCountry "BRA"]
[EventCategory "2"]
[Source "lmi"]
[SourceDate "2009.02.09"]

1. e4 c6 2. d4 d5 3. exd5 cxd5 4. Bd3 Nc6 5. c3 Nf6 6. Bf4 Bg4 7. Qb3 Na5 8.
Qc2 Bd7 9. Nf3 Qb6 10. O-O Bb5 11. Nbd2 Bxd3 12. Qxd3 Rc8 13. b4 Nc4 14. Nxc4
Rxc4 15. Ne5 Rc8 16. a4 a6 17. Rfb1 e6 18. b5 a5 19. c4 dxc4 20. Nxc4 Qd8 21.
b6 Bb4 22. Nxa5 Bxa5 23. Qb5+ Qd7 24. Qxa5 O-O 25. Qd2 Nd5 26. a5 Ra8 27. Bg3
Ra6 28. h3 Rfa8 29. Qe1 h6 30. Be5 1/2-1/2

[Event "I Festival Cidade Maravilhosa"]
[Site "Rio de Janeiro BRA"]
[Date "2009.02.12"]
[Round "4.5"]
[White "Santos Filho, Tadeu Sousa"]
[Black "Brito, Luismar"]
[Result "0-1"]
[WhiteElo "2092"]
[BlackElo "2327"]
[PlyCount "116"]
[EventDate "2009.02.09"]
[EventType "tourn"]
[EventRounds "9"]
[EventCountry "BRA"]
[EventCategory "2"]
[Source "lmi"]
[SourceDate "2009.02.09"]

1. e4 c5 2. Nf3 d6 3. d4 cxd4 4. Nxd4 Nf6 5. f3 a6 6. c4 Nc6 7. Be3 g6 8. Nc3
Bg7 9. Qd2 O-O 10. Be2 Be6 11. Rc1 Nd7 12. O-O Qa5 13. Rfd1 Rfc8 14. Nb3 Qd8
15. Nd5 b6 16. Nd4 a5 17. b3 Nc5 18. Nc2 Qf8 19. Nd4 Rab8 20. Nxc6 Rxc6 21. Nc3
Rcc8 22. Nb5 Bd7 23. Nc3 Bc6 24. Nb5 Rb7 25. Nd4 Rbc7 26. Nb5 Rd7 27. Rb1 h5
28. Nc3 Kh7 29. Bd3 Qh8 30. Ne2 Rb7 31. Kf2 Be5 32. Kg1 Ne6 33. a3 Ra8 34. f4
Bf6 35. f5 Nc5 36. fxg6+ fxg6 37. Qc2 Be5 38. Kh1 Rf8 39. Rf1 e6 40. Ng1 Rbf7
41. Nf3 Kg8 42. b4 axb4 43. axb4 Nd7 44. Qb3 h4 45. h3 Qh5 46. Qc2 Bg7 47. Ng5
Rxf1+ 48. Rxf1 Rxf1+ 49. Bxf1 Bf6 50. Be2 Qh6 51. Qd2 Bxg5 52. Bxg5 Qf8 53. Bg4
Qf1+ 54. Kh2 Qxc4 55. Qxd6 Qxe4 56. Bxe6+ Kh8 57. Bf6+ Nxf6 58. Qf8+ Kh7 0-1

[Event "I Festival Cidade Maravilhosa"]
[Site "Rio de Janeiro BRA"]
[Date "2009.02.13"]
[Round "5.1"]
[White "Brito, Luismar"]
[Black "Guimaraes, Wagner Peixoto"]
[Result "1-0"]
[WhiteElo "2327"]
[BlackElo "2253"]
[PlyCount "77"]
[EventDate "2009.02.09"]
[EventType "tourn"]
[EventRounds "9"]
[EventCountry "BRA"]
[EventCategory "2"]
[Source "lmi"]
[SourceDate "2009.02.09"]

1. e4 c5 2. Nf3 Nc6 3. d4 cxd4 4. Nxd4 Nf6 5. Nc3 e5 6. Ndb5 d6 7. Bg5 a6 8.
Bxf6 gxf6 9. Na3 b5 10. Nd5 Be6 11. c3 Bg7 12. Nc2 f5 13. exf5 Bxf5 14. Nce3
Bg6 15. h4 h5 16. a4 O-O 17. axb5 axb5 18. Rxa8 Qxa8 19. Bxb5 Nd4 20. cxd4 Qa5+
21. Nc3 exd4 22. Nc4 Qb4 23. Qa4 Qc5 24. Nd1 Rb8 25. Na3 Qe5+ 26. Kf1 d3 27.
Rh3 Qe2+ 28. Kg1 Qe1+ 29. Kh2 Bf5 30. Re3 Be5+ 31. g3 d2 32. Be2 Rxb2 33. Qe8+
Kg7 34. Nc4 Rb1 35. Nxe5 Be6 36. Ng6 Rxd1 37. Qh8+ Kxg6 38. Bxh5+ Kf5 39. g4+
1-0

[Event "I Festival Cidade Maravilhosa"]
[Site "Rio de Janeiro BRA"]
[Date "2009.02.13"]
[Round "5.2"]
[White "Maia, Marco Aurelio F"]
[Black "Santos Filho, Tadeu Sousa"]
[Result "1/2-1/2"]
[WhiteElo "2135"]
[BlackElo "2092"]
[PlyCount "26"]
[EventDate "2009.02.09"]
[EventType "tourn"]
[EventRounds "9"]
[EventCountry "BRA"]
[EventCategory "2"]
[Source "lmi"]
[SourceDate "2009.02.09"]

1. d4 d5 2. c4 e6 3. Nc3 c6 4. cxd5 exd5 5. Qc2 g6 6. Nf3 Bf5 7. Qb3 Qb6 8.
Qxb6 axb6 9. Bf4 Nf6 10. h3 Ne4 11. g4 Nxc3 12. bxc3 Be4 13. Bg2 Ba3 1/2-1/2

[Event "I Festival Cidade Maravilhosa"]
[Site "Rio de Janeiro BRA"]
[Date "2009.02.13"]
[Round "5.3"]
[White "Perdomo, Leandro"]
[Black "Chauca, Jose"]
[Result "1-0"]
[WhiteElo "2387"]
[BlackElo "2173"]
[PlyCount "71"]
[EventDate "2009.02.09"]
[EventType "tourn"]
[EventRounds "9"]
[EventCountry "BRA"]
[EventCategory "2"]
[Source "lmi"]
[SourceDate "2009.02.09"]

1. d4 e6 2. c4 f5 3. Nc3 d5 4. Nf3 Nf6 5. Bf4 c6 6. e3 Nbd7 7. Bd3 g6 8. h3 Ne4
9. Qc2 Bg7 10. g4 Qa5 11. a3 Nxc3 12. b4 Qd8 13. Qxc3 O-O 14. c5 fxg4 15. hxg4
b6 16. cxb6 Qxb6 17. Rc1 Bb7 18. Ng5 Rxf4 19. exf4 Bxd4 20. Qc2 Nf8 21. Qe2 c5
22. bxc5 Bxc5 23. Nxh7 Bd4 24. Rb1 Qa5+ 25. Kf1 Bc8 26. Nxf8 Kxf8 27. Bxg6 Qxa3
28. Kg2 Qd6 29. Qd2 Bg7 30. Bc2 Bd7 31. Rh7 e5 32. fxe5 Qxe5 33. Rb7 Rd8 34.
Rxa7 d4 35. Qb4+ Kf7 36. Qc4+ 1-0

[Event "I Festival Cidade Maravilhosa"]
[Site "Rio de Janeiro BRA"]
[Date "2009.02.13"]
[Round "5.4"]
[White "Rego, Vinicius Vilela de "]
[Black "Fernando, Diogo"]
[Result "0-1"]
[WhiteElo "2227"]
[BlackElo "2482"]
[PlyCount "76"]
[EventDate "2009.02.09"]
[EventType "tourn"]
[EventRounds "9"]
[EventCountry "BRA"]
[EventCategory "2"]
[Source "lmi"]
[SourceDate "2009.02.09"]

1. d4 Nf6 2. c4 e6 3. Nf3 b6 4. g3 Ba6 5. Qc2 c5 6. Bg2 Nc6 7. a3 Be7 8. O-O
Bb7 9. dxc5 bxc5 10. b3 O-O 11. Bb2 Rb8 12. Nbd2 h6 13. e4 d6 14. e5 dxe5 15.
Nxe5 Nd4 16. Bxd4 Qxd4 17. Bxb7 Qxe5 18. Bg2 Rb6 19. Rab1 Rfb8 20. Rfe1 Qc7 21.
Red1 Ra6 22. a4 Rab6 23. Ne4 Nxe4 24. Bxe4 Bf6 25. Rd3 Bd4 26. Kg2 f5 27. Bf3
e5 28. Bd5+ Kh8 29. Rf3 g6 30. g4 e4 31. Rh3 fxg4 32. Rxh6+ Kg7 33. Rh4 Qf4 34.
Qe2 Rf6 35. Rxg4 Qxf2+ 36. Qxf2 Rxf2+ 37. Kh1 e3 38. Bg2 Re8 0-1

[Event "I Festival Cidade Maravilhosa"]
[Site "Rio de Janeiro BRA"]
[Date "2009.02.13"]
[Round "5.5"]
[White "Mascarenhas, Alberto Pinheiro"]
[Black "Galego, Luis"]
[Result "1/2-1/2"]
[WhiteElo "2228"]
[BlackElo "2494"]
[PlyCount "53"]
[EventDate "2009.02.09"]
[EventType "tourn"]
[EventRounds "9"]
[EventCountry "BRA"]
[EventCategory "2"]
[Source "lmi"]
[SourceDate "2009.02.09"]

1. d4 Nf6 2. Nf3 d6 3. c4 Nbd7 4. Nc3 e5 5. g3 g6 6. Bg2 Bg7 7. O-O O-O 8. h3
Re8 9. Rb1 exd4 10. Nxd4 Nc5 11. b3 Nfe4 12. Bb2 Nxc3 13. Bxc3 Ne4 14. Be1 Bd7
15. Kh2 c5 16. Nc2 Bc6 17. Qd3 Qe7 18. f3 Ng5 19. e4 f5 20. exf5 Qe2 21. Rd1
Nxf3+ 22. Rxf3 Bxf3 23. Qxf3 Qxc2 24. f6 Bxf6 25. Qxf6 Re2 26. Rd2 Rxd2 27.
Qe6+ 1/2-1/2